000
00350pam a2200157a 44500
008
230515b2002 xxu||||| |||| 00| 0 eng d
020
_a
0
041
_a
ENGLISH
082
_a
618.2 KER
100
_a
KERRS MANRO
245
_a
OPERATIVE OBSTETRICS
250
_a
N.D.
260
_a
DELHI
_b
ALL INDIA
_c
2002
300
_a
508
650
_a
OBSTETRICS
999
_c
480732
_d
480732